[Event "DSJ Weihnachtsturnier U20 2020"]
[Site "https://play.chessbase.com/en/play?room=DSJWeihnachtU20"]
[Date "2020.12.29"]
[Round "3"]
[White "Krastev, Alexander"]
[Black "Schlangenotto, Niklas"]
[Result "1-0"]
[Termination "normal"]
[Board "7.1"]
[WhiteTitle "FM"]
[WhiteElo "2367"]
[BlackElo "2008"]
[WhiteTeam "Schachgesellschaft Solingen"]
[BlackTeam "SK Blauer Springer Paderborn 1926"]
[PlyCount "39"]
[WhiteFideId "12989983"]
[BlackFideId "16217560"]
[EventRounds "7"]
[EventType "team-swiss"]
[EventDate "2020.12.29"]

1. e4 {[%emt 0:00:14]} Nc6 {[%emt 0:00:02]} 2. Nc3 { [%emt 0:00:03]} e6 {[%emt
0:00:01]} 3. d4 {[%emt 0:00:09]} d5 {[%emt 0:00:01]} 4. e5 {[%emt 0:00:01]} f6
{[%emt 0:00:01]} 5. Bb5 {[%emt 0:00:15]} fxe5 { [%emt 0:00:10]} 6. Qh5+ {[%emt
0:00:07] Paderb1-001 reconnected.} g6 {[%emt 0:00:11]} 7. Qxe5 {[%emt 0:00:02]}
Nf6 {[%emt 0:00:44]} 8. Nf3 {[%emt 0:00:02]} Bg7 {[%emt 0:01:08]} 9. Bf4 {[%emt
0:00:21]} O-O {[%emt 0:00:31]} 10. Qxc7 { [%emt 0:00:09]} Qe8 {[%emt 0:01:07]}
11. O-O {[%emt 0:00:25]} Nh5 {[%emt 0:00:19]} 12. Bg3 {[%emt 0:00:21]} Bd7
{[%emt 0:00:17]} 13. Rae1 {[%emt 0:00:47]} Rc8 {[%emt 0:00:27]} 14. Qxb7 {[%emt
0:00:15]} Rxf3 {[%emt 0:00:25]} 15. gxf3 { [%emt 0:00:04]} Nxd4 {[%emt
0:00:06]} 16. Bxd7 {[%emt 0:00:17]} Nxf3+ {[%emt 0:00:13]} 17. Kh1 {[%emt
0:00:02]} Rxc3 {[%emt 0:01:03]} 18. Bxe8 {[%emt 0:00:10] } Rxc2 {[%emt
0:00:01]} 19. Qf7+ {[%emt 0:00:04]} Kh8 {[%emt 0:00:03]} 20. Qxf3 {[%emt
0:00:00]} 1-0

[Event "DSJ Weihnachtsturnier U20 2020"]
[Site "https://play.chessbase.com/en/play?room=DSJWeihnachtU20"]
[Date "2020.12.29"]
[Round "3"]
[White "Brockhoff, Moritz"]
[Black "Bashylina, Luisa"]
[Result "0-1"]
[Termination "normal"]
[Board "7.2"]
[BlackTitle "WCM"]
[WhiteElo "1985"]
[BlackElo "1978"]
[WhiteTeam "SK Blauer Springer Paderborn 1926"]
[BlackTeam "Schachgesellschaft Solingen"]
[PlyCount "146"]
[WhiteFideId "16214927"]
[BlackFideId "12983292"]
[EventRounds "7"]
[EventType "team-swiss"]
[EventDate "2020.12.29"]

1. e4 {[%emt 0:00:14]} c5 {[%emt 0:00:02]} 2. b4 { [%emt 0:00:01]} cxb4 {[%emt
0:00:02]} 3. a3 {[%emt 0:00:01]} e6 {[%emt 0:00:02] } 4. axb4 {[%emt 0:00:01]}
Bxb4 {[%emt 0:00:01]} 5. c3 {[%emt 0:00:01]} Be7 { [%emt 0:00:27]} 6. d4 {[%emt
0:00:02]} Nf6 {[%emt 0:00:09]} 7. Bd3 {[%emt 0:00:02]} Nc6 {[%emt 0:00:06]} 8.
f4 {[%emt 0:00:04]} d5 {[%emt 0:00:10]} 9. e5 { [%emt 0:00:01]} Ne4 {[%emt
0:00:04]} 10. Bxe4 {[%emt 0:00:24]} dxe4 {[%emt 0:00:00]} 11. Nd2 {[%emt
0:00:02]} Qd5 {[%emt 0:00:13]} 12. Qe2 {[%emt 0:00:16]} b5 {[%emt 0:01:34]} 13.
Qxe4 {[%emt 0:00:38]} Qxe4+ {[%emt 0:00:07]} 14. Nxe4 { [%emt 0:00:00]} Bb7
{[%emt 0:00:07]} 15. Ba3 {[%emt 0:01:17]} Nd8 {[%emt 0:01:00]} 16. Bxe7 {[%emt
0:00:24]} Kxe7 {[%emt 0:00:05]} 17. Ng3 {[%emt 0:00:04]} Bxg2 {[%emt 0:00:03]}
18. N1e2 {[%emt 0:00:01]} Bxh1 {[%emt 0:00:01]} 19. Nxh1 {[%emt 0:00:00]} Nc6
{[%emt 0:00:06]} 20. Nf2 {[%emt 0:00:06]} a5 {[%emt 0:00:04]} 21. Ne4 {[%emt
0:00:08]} a4 {[%emt 0:00:07]} 22. Kd2 {[%emt 0:00:04]} Rhb8 {[%emt 0:00:14]}
23. Nc1 {[%emt 0:00:08]} a3 {[%emt 0:00:10]} 24. Nd3 {[%emt 0:00:10]} a2 {[%emt
0:00:14]} 25. Kc2 {[%emt 0:00:04]} b4 {[%emt 0:00:04]} 26. Kc1 {[%emt 0:00:21]}
b3 {[%emt 0:00:10]} 27. Kb2 {[%emt 0:00:05]} Na5 {[%emt 0:00:07]} 28. Nd2
{[%emt 0:00:12]} f6 {[%emt 0:00:18]} 29. h4 {[%emt 0:00:10]} fxe5 {[%emt
0:00:12]} 30. Nxe5 {[%emt 0:00:05]} Rf8 {[%emt 0:00:04]} 31. Nxb3 { [%emt
0:00:08]} Rfb8 {[%emt 0:00:22]} 32. Rxa2 {[%emt 0:00:06]} Rxb3+ {[%emt
0:00:03]} 33. Kc2 {[%emt 0:00:01]} Rb6 {[%emt 0:00:04]} 34. Kd3 {[%emt
0:00:09]} Rba6 {[%emt 0:00:13]} 35. h5 {[%emt 0:00:07]} Nb7 {[%emt 0:00:08]}
36. Rg2 { [%emt 0:00:11]} Kf8 {[%emt 0:00:33]} 37. Nd7+ {[%emt 0:00:29]} Kg8
{[%emt 0:00:02]} 38. h6 {[%emt 0:00:03]} g6 {[%emt 0:00:05]} 39. Rb2 {[%emt
0:00:06]} Nd6 { [%emt 0:00:05]} 40. Nc5 {[%emt 0:00:10]} Ra2 {[%emt 0:00:11]}
41. Rb6 {[%emt 0:00:07]} Rd2+ {[%emt 0:00:17]} 42. Kxd2 {[%emt 0:00:07]} Nc4+
{[%emt 0:00:01]} 43. Kd3 {[%emt 0:00:00]} Nxb6 {[%emt 0:00:01]} 44. Nxe6 {[%emt
0:00:00]} Ra2 { [%emt 0:00:14]} 45. Ng5 {[%emt 0:00:05]} Nd5 {[%emt 0:00:04]}
46. c4 {[%emt 0:00:04]} Nxf4+ {[%emt 0:00:08]} 47. Ke4 {[%emt 0:00:01]} Nh5
{[%emt 0:00:03]} 48. Kd5 {[%emt 0:00:04]} Nf6+ {[%emt 0:00:07]} 49. Ke6 {[%emt
0:00:06]} Ra6+ { [%emt 0:00:03]} 50. Ke7 {[%emt 0:00:07]} Ng4 {[%emt 0:00:04]}
51. d5 {[%emt 0:00:04]} Nxh6 {[%emt 0:00:03]} 52. c5 {[%emt 0:00:01]} Nf5+
{[%emt 0:00:03]} 53. Kd7 {[%emt 0:00:02]} Ra5 {[%emt 0:00:06]} 54. Ne6 {[%emt
0:00:02]} Kf7 { [%emt 0:00:05]} 55. Ng5+ {[%emt 0:00:03]} Kf6 {[%emt 0:00:06]}
56. Nxh7+ { [%emt 0:00:04]} Ke5 {[%emt 0:00:01]} 57. c6 {[%emt 0:00:03]} Rxd5+
{[%emt 0:00:03]} 58. Ke8 {[%emt 0:00:05]} Ng7+ {[%emt 0:00:14]} 59. Kf7 {[%emt
0:00:02]} Ne6 {[%emt 0:00:01]} 60. Nf6 {[%emt 0:00:07]} Rd6 {[%emt 0:00:04]}
61. Kxg6 { [%emt 0:00:11]} Rxc6 {[%emt 0:00:01]} 62. Nd7+ {[%emt 0:00:02]} Kd5
{[%emt 0:00:05]} 63. Kf5 {[%emt 0:00:03]} Ng7+ {[%emt 0:00:06]} 64. Kg5 {[%emt
0:00:02]} Ne6+ {[%emt 0:00:06]} 65. Kf5 {[%emt 0:00:02]} Nd4+ {[%emt 0:00:02]}
66. Kg5 { [%emt 0:00:03]} Nf3+ {[%emt 0:00:06]} 67. Kf5 {[%emt 0:00:03]} Nd4+
{[%emt 0:00:08]} 68. Kg5 {[%emt 0:00:03]} Ke6 {[%emt 0:00:03]} 69. Nf8+ {[%emt
0:00:05]} Kf7 {[%emt 0:00:04]} 70. Nd7 {[%emt 0:00:02]} Nf3+ {[%emt 0:00:19]}
71. Kf4 { [%emt 0:00:03]} Ke7 {[%emt 0:00:03]} 72. Nb8 {[%emt 0:00:06]} Rf6+
{[%emt 0:00:06]} 73. Ke4 {[%emt 0:00:02]} Rb6 {[%emt 0:00:03]} 0-1

[Event "DSJ Weihnachtsturnier U20 2020"]
[Site "https://play.chessbase.com/en/play?room=DSJWeihnachtU20"]
[Date "2020.12.29"]
[Round "3"]
[White "Stirnberg, Noah"]
[Black "Sereda, Yaroslava"]
[Result "1-0"]
[Termination "time forfeit"]
[Board "7.4"]
[WhiteElo "1869"]
[BlackElo "1750"]
[WhiteTeam "SK Blauer Springer Paderborn 1926"]
[BlackTeam "Schachgesellschaft Solingen"]
[PlyCount "81"]
[WhiteFideId "16207742"]
[BlackFideId "14178940"]
[EventRounds "7"]
[EventType "team-swiss"]
[EventDate "2020.12.29"]

1. e4 {[%emt 0:00:11]} c5 {[%emt 0:00:26]} 2. Nf3 {[%emt 0:00:03]} Nc6 { [%emt
0:00:03]} 3. Bb5 {[%emt 0:00:03]} g6 {[%emt 0:00:24]} 4. Nc3 {[%emt 0:00:11]}
Bg7 {[%emt 0:00:04]} 5. O-O {[%emt 0:00:04]} d6 {[%emt 0:00:39]} 6. d3 { [%emt
0:00:15]} Nf6 {[%emt 0:00:09]} 7. h3 {[%emt 0:00:06]} O-O {[%emt 0:00:22] } 8.
Be3 {[%emt 0:00:28]} a6 {[%emt 0:00:19]} 9. Bxc6 {[%emt 0:00:34]} bxc6 { [%emt
0:00:08]} 10. Qd2 {[%emt 0:00:12]} Qa5 {[%emt 0:00:27]} 11. Bh6 {[%emt
0:00:07]} d5 {[%emt 0:00:19]} 12. Bxg7 {[%emt 0:00:48]} Kxg7 {[%emt 0:00:04]}
13. e5 {[%emt 0:00:05]} Nd7 {[%emt 0:01:00]} 14. e6 {[%emt 0:00:46]} fxe6
{[%emt 0:00:13]} 15. Qe2 {[%emt 0:00:26]} Nf6 {[%emt 0:00:55]} 16. Ng5 {[%emt
0:00:20]} Qc7 {[%emt 0:00:35]} 17. Rae1 {[%emt 0:00:28]} d4 {[%emt 0:00:15]}
18. Na4 { [%emt 0:00:20]} Qa5 {[%emt 0:00:43]} 19. b3 {[%emt 0:00:05]} Qb5
{[%emt 0:00:20]} 20. Nxe6+ {[%emt 0:00:15]} Bxe6 {[%emt 0:00:04]} 21. Qxe6
{[%emt 0:00:03]} Ra7 {[%emt 0:00:42]} 22. Qe5 {[%emt 0:00:11]} c4 {[%emt
0:00:31]} 23. Nc5 { [%emt 0:00:13]} Rf7 {[%emt 0:00:37]} 24. dxc4 {[%emt
0:00:22]} Qb4 {[%emt 0:00:49]} 25. Ne6+ {[%emt 0:00:05]} Kg8 {[%emt 0:00:13]}
26. Nd8 {[%emt 0:00:08]} Rg7 {[%emt 0:00:24]} 27. Qe6+ {[%emt 0:00:07]} Kh8
{[%emt 0:00:03]} 28. Nxc6 { [%emt 0:00:06]} Qd2 {[%emt 0:00:03]} 29. Nxa7
{[%emt 0:00:04]} h6 {[%emt 0:00:04]} 30. Nc6 {[%emt 0:00:09]} d3 {[%emt
0:00:03]} 31. cxd3 {[%emt 0:00:07]} Qxd3 {[%emt 0:00:02]} 32. Nxe7 {[%emt
0:00:06]} Qc2 {[%emt 0:00:02]} 33. Qxf6 { [%emt 0:00:04]} Qxa2 {[%emt 0:00:02]}
34. Qf8+ {[%emt 0:00:03]} Kh7 {[%emt 0:00:02]} 35. Nxg6 {[%emt 0:00:03]} Kxg6
{[%emt 0:00:02]} 36. Re6+ {[%emt 0:00:04]} Kh7 {[%emt 0:00:01]} 37. Qf5+ {[%emt
0:00:08]} Kh8 {[%emt 0:00:02]} 38. Re8+ {[%emt 0:00:03]} Rg8 {[%emt 0:00:01]}
39. Qf6+ {[%emt 0:00:02]} Kh7 { [%emt 0:00:01]} 40. Re7+ {[%emt 0:00:05]} Rg7
{[%emt 0:00:03]} 41. Rxg7+ { [%emt 0:00:03] TimeB} 1-0

[Event "DSJ Weihnachtsturnier U20 2020"]
[Site "https://play.chessbase.com/en/play?room=DSJWeihnachtU20"]
[Date "2020.12.29"]
[Round "3"]
[White "Fidlin, Simon"]
[Black "Martin, Julian"]
[Result "0-1"]
[Termination "normal"]
[Board "8.1"]
[BlackTitle "IM"]
[WhiteElo "1862"]
[BlackElo "2387"]
[WhiteTeam "Karlsruher SF 1853 2"]
[BlackTeam "OSG Baden-Baden"]
[PlyCount "112"]
[WhiteFideId "16217535"]
[BlackFideId "12941000"]
[EventRounds "7"]
[EventType "team-swiss"]
[EventDate "2020.12.29"]

1. e4 {[%emt 0:00:04]} c5 {[%emt 0:00:02]} 2. Nf3 {[%emt 0:00:03]} Nc6 { [%emt
0:00:01]} 3. d4 {[%emt 0:00:01]} cxd4 {[%emt 0:00:01]} 4. Nxd4 {[%emt 0:00:02]}
e5 {[%emt 0:00:02]} 5. Nb5 {[%emt 0:00:03]} d6 {[%emt 0:00:01]} 6. N1c3 {[%emt
0:00:03]} a6 {[%emt 0:00:02]} 7. Na3 {[%emt 0:00:01]} Be7 {[%emt 0:00:04]} 8.
Nc4 {[%emt 0:00:14]} b5 {[%emt 0:00:02]} 9. Ne3 {[%emt 0:00:02]} Nf6 { [%emt
0:00:01]} 10. f3 {[%emt 0:00:08]} O-O {[%emt 0:00:04]} 11. Ncd5 {[%emt
0:00:17]} Nxd5 {[%emt 0:00:04]} 12. Nxd5 {[%emt 0:00:04]} Bg5 {[%emt 0:00:03]}
13. Bd3 {[%emt 0:00:19]} Be6 {[%emt 0:00:11]} 14. a4 {[%emt 0:00:16]} Bxc1 {
[%emt 0:00:03]} 15. Qxc1 {[%emt 0:00:03]} Qh4+ {[%emt 0:00:21]} 16. g3 { [%emt
0:00:15]} Qh5 {[%emt 0:00:02]} 17. Qe3 {[%emt 0:00:10]} Nd4 {[%emt 0:00:12]}
18. O-O {[%emt 0:00:18]} Rab8 {[%emt 0:00:31]} 19. axb5 {[%emt 0:00:27]} axb5
{[%emt 0:00:03]} 20. c3 {[%emt 0:00:02]} Nb3 {[%emt 0:00:02]} 21. Ra7 { [%emt
0:00:18]} Nc5 {[%emt 0:00:07]} 22. b4 {[%emt 0:00:09]} Nxd3 {[%emt 0:00:08]}
23. Qxd3 {[%emt 0:00:02]} Bxd5 {[%emt 0:00:01]} 24. Qxd5 {[%emt 0:00:04]} Qh6
{[%emt 0:00:01]} 25. Qd3 {[%emt 0:00:09]} Rbc8 {[%emt 0:00:05]} 26. Rd1 { [%emt
0:00:32]} Rc6 {[%emt 0:00:14]} 27. Rd7 {[%emt 0:00:11]} g6 {[%emt 0:00:04]} 28.
Kg2 {[%emt 0:00:38]} Rfc8 {[%emt 0:00:02]} 29. Qd5 {[%emt 0:00:55]} Qf8 {[%emt
0:00:04]} 30. Rd2 {[%emt 0:00:16]} Qe8 {[%emt 0:01:24]} 31. Rxd6 { [%emt
0:00:24]} Rxc3 {[%emt 0:00:07]} 32. Rd8 {[%emt 0:01:41]} Rxd8 {[%emt 0:00:05]}
33. Qxd8 {[%emt 0:00:02]} Qxd8 {[%emt 0:00:02]} 34. Rxd8+ {[%emt 0:00:00]} Kg7
{[%emt 0:00:04]} 35. Rd5 {[%emt 0:00:03]} Kf6 {[%emt 0:00:07]} 36. Rxb5 {[%emt
0:00:03]} Rc2+ {[%emt 0:00:01]} 37. Kh3 {[%emt 0:00:05]} Rf2 { [%emt 0:00:01]}
38. Rb6+ {[%emt 0:00:19]} Kg5 {[%emt 0:00:11]} 39. Rb7 { [%emt 0:00:44]} Kf6
{[%emt 0:00:06]} 40. b5 {[%emt 0:00:12]} Rxf3 {[%emt 0:00:02]} 41. b6 {[%emt
0:00:02]} Rb3 {[%emt 0:00:02]} 42. Rb8 {[%emt 0:00:04]} Kg5 {[%emt 0:00:01]}
43. Kg2 {[%emt 0:00:12]} Kg4 {[%emt 0:00:10]} 44. h3+ { [%emt 0:00:02]} Kg5
{[%emt 0:00:01]} 45. Kf2 {[%emt 0:00:05]} h5 {[%emt 0:00:04]} 46. b7 {[%emt
0:00:09]} h4 {[%emt 0:00:05]} 47. gxh4+ {[%emt 0:00:02]} Kf4 {[%emt 0:00:01]}
48. Ke2 {[%emt 0:00:10]} Kxe4 {[%emt 0:00:02]} 49. Kd2 { [%emt 0:00:01]} f5
{[%emt 0:00:01]} 50. Kc2 {[%emt 0:00:04]} Rb6 {[%emt 0:00:01]} 51. Kd2 {[%emt
0:00:07]} f4 {[%emt 0:00:04]} 52. Ke2 {[%emt 0:00:12]} Rb2+ {[%emt 0:00:02]}
53. Ke1 {[%emt 0:00:07]} Ke3 {[%emt 0:00:02]} 54. Kd1 { [%emt 0:00:04]} e4
{[%emt 0:00:02]} 55. Kc1 {[%emt 0:00:09]} Rb6 {[%emt 0:00:03]} 56. Kc2 {[%emt
0:00:08]} f3 {[%emt 0:00:01]} 0-1

[Event "DSJ Weihnachtsturnier U20 2020"]
[Site "https://play.chessbase.com/en/play?room=DSJWeihnachtU20"]
[Date "2020.12.29"]
[Round "3"]
[White "Schmider, Niklas"]
[Black "Hänselmann, Hendrik"]
[Result "1-0"]
[Termination "normal"]
[Board "8.2"]
[WhiteTitle "FM"]
[WhiteElo "2303"]
[BlackElo "1828"]
[WhiteTeam "OSG Baden-Baden"]
[BlackTeam "Karlsruher SF 1853 2"]
[PlyCount "41"]
[WhiteFideId "12993778"]
[BlackFideId "16232755"]
[EventRounds "7"]
[EventType "team-swiss"]
[EventDate "2020.12.29"]

1. c4 {[%emt 0:00:15]} e5 {[%emt 0:00:05]} 2. g3 {[%emt 0:00:08]} Nf6 {[%emt
0:00:09]} 3. Bg2 {[%emt 0:00:02]} d5 {[%emt 0:00:09]} 4. cxd5 {[%emt 0:00:12]}
Nxd5 {[%emt 0:00:03]} 5. Nf3 {[%emt 0:00:17]} Nc6 {[%emt 0:00:15]} 6. O-O {
[%emt 0:00:04]} Be7 {[%emt 0:00:21]} 7. d4 {[%emt 0:00:07]} exd4 {[%emt
0:00:18]} 8. Nxd4 {[%emt 0:00:00]} Nxd4 {[%emt 0:00:13]} 9. Qxd4 {[%emt
0:00:00]} Nb6 {[%emt 0:00:22]} 10. Qxg7 {[%emt 0:00:21]} Bf6 {[%emt 0:00:06]}
11. Qh6 { [%emt 0:00:03]} c6 {[%emt 0:00:18]} 12. Nc3 {[%emt 0:00:07]} Be6
{[%emt 0:00:06]} 13. Rd1 {[%emt 0:00:15]} Qe7 {[%emt 0:00:03]} 14. Ne4 {[%emt
0:00:03]} Be5 {[%emt 0:00:16]} 15. Bg5 {[%emt 0:00:03]} f6 {[%emt 0:00:04]} 16.
Nxf6+ { [%emt 0:00:16]} Bxf6 {[%emt 0:00:12]} 17. Bxf6 {[%emt 0:00:00]} Qf8
{[%emt 0:00:03]} 18. Qh5+ {[%emt 0:00:09]} Bf7 {[%emt 0:00:07]} 19. Qe5+ {[%emt
0:00:03] } Be6 {[%emt 0:00:01]} 20. Qxe6+ {[%emt 0:00:01]} Qe7 {[%emt 0:00:01]}
21. Qxe7# {[%emt 0:00:01]} 1-0

[Event "DSJ Weihnachtsturnier U20 2020"]
[Site "https://play.chessbase.com/en/play?room=DSJWeihnachtU20"]
[Date "2020.12.29"]
[Round "3"]
[White "Borodaev, Roman"]
[Black "Doll, Alexander"]
[Result "1/2-1/2"]
[Termination "normal"]
[Board "8.3"]
[WhiteElo "1657"]
[BlackElo "2136"]
[WhiteTeam "Karlsruher SF 1853 2"]
[BlackTeam "OSG Baden-Baden"]
[PlyCount "82"]
[WhiteFideId "16274881"]
[BlackFideId "16228294"]
[EventRounds "7"]
[EventType "team-swiss"]
[EventDate "2020.12.29"]

1. e4 {[%emt 0:00:04]} e5 {[%emt 0:00:07]} 2. Nf3 {[%emt 0:00:02]} Nc6 { [%emt
0:00:03]} 3. Bb5 {[%emt 0:00:01]} a6 {[%emt 0:00:08]} 4. Ba4 {[%emt 0:00:02]}
Nf6 {[%emt 0:00:03]} 5. O-O {[%emt 0:00:02]} Nxe4 {[%emt 0:00:01]} 6. Re1
{[%emt 0:00:01]} Nc5 {[%emt 0:00:02]} 7. Bxc6 {[%emt 0:00:02]} dxc6 {[%emt
0:00:09]} 8. Nxe5 {[%emt 0:00:04]} Be7 {[%emt 0:00:21]} 9. d4 {[%emt 0:00:03]}
Ne6 {[%emt 0:00:02]} 10. Nf3 {[%emt 0:00:18]} O-O {[%emt 0:00:07]} 11. c4 {
[%emt 0:00:03]} Bf6 {[%emt 0:00:14]} 12. d5 {[%emt 0:00:04]} cxd5 {[%emt
0:00:04]} 13. cxd5 {[%emt 0:00:03]} Ng5 {[%emt 0:00:27]} 14. Nxg5 {[%emt
0:00:08]} Bxg5 {[%emt 0:00:00]} 15. Bxg5 {[%emt 0:00:07]} Qxg5 {[%emt 0:00:01]}
16. Nc3 { [%emt 0:00:07]} Bf5 {[%emt 0:00:16]} 17. Ne4 {[%emt 0:00:19]} Bxe4
{[%emt 0:00:34]} 18. Rxe4 {[%emt 0:00:03]} Rad8 {[%emt 0:00:02]} 19. Rd4 {[%emt
0:00:06]} Rd6 {[%emt 0:00:16]} 20. Qb3 {[%emt 0:00:08]} b5 {[%emt 0:01:13]} 21.
Rad1 { [%emt 0:00:20]} Rfd8 {[%emt 0:00:16]} 22. a4 {[%emt 0:00:03]} c5 {[%emt
0:00:41]} 23. R4d2 {[%emt 0:00:21]} c4 {[%emt 0:00:17]} 24. Qf3 {[%emt
0:00:35]} bxa4 {[%emt 0:00:40]} 25. Rd4 {[%emt 0:00:05]} h6 {[%emt 0:00:46]}
26. h3 { [%emt 0:00:36]} Rb8 {[%emt 0:00:44]} 27. Rxc4 {[%emt 0:00:03]} Rxb2
{[%emt 0:00:54]} 28. Rxa4 {[%emt 0:00:12]} Rf6 {[%emt 0:00:20]} 29. Qg4 {[%emt
0:00:59]} Rfxf2 {[%emt 0:00:07]} 30. Qxg5 {[%emt 0:00:12]} hxg5 {[%emt
0:00:00]} 31. Rg4 {[%emt 0:00:01]} f6 {[%emt 0:00:06]} 32. d6 {[%emt 0:00:05]}
Rfd2 {[%emt 0:00:03]} 33. Rd4 {[%emt 0:00:03]} Rxg2+ {[%emt 0:00:03]} 34. Kf1
{[%emt 0:00:01]} Rgf2+ {[%emt 0:00:32]} 35. Kg1 {[%emt 0:00:04]} Rg2+ {[%emt
0:00:01]} 36. Kf1 { [%emt 0:00:01]} Rh2 {[%emt 0:00:04]} 37. Kg1 {[%emt
0:00:11] Karlsru2-003 offers a draw} Rbg2+ {[%emt 0:00:25]} 38. Kf1 {[%emt
0:00:03]} Rf2+ {[%emt 0:00:01]} 39. Kg1 {[%emt 0:00:10]} Rfg2+ {[%emt 0:00:02]}
40. Kf1 {[%emt 0:00:01] } Rf2+ {[%emt 0:00:01]} 41. Kg1 {[%emt 0:00:01]} Rfg2+
{[%emt 0:00:01]} 1/2-1/2

[Event "DSJ Weihnachtsturnier U20 2020"]
[Site "https://play.chessbase.com/en/play?room=DSJWeihnachtU20"]
[Date "2020.12.29"]
[Round "3"]
[White "Chernykh, Arkady"]
[Black "Scheifel, Maximilian"]
[Result "1-0"]
[Termination "normal"]
[Board "8.4"]
[WhiteElo "2125"]
[BlackElo "1218"]
[WhiteTeam "OSG Baden-Baden"]
[BlackTeam "Karlsruher SF 1853 2"]
[PlyCount "91"]
[WhiteFideId "12989436"]
[BlackFideId "16279433"]
[EventRounds "7"]
[EventType "team-swiss"]
[EventDate "2020.12.29"]

1. e4 {[%emt 0:00:06]} c6 {[%emt 0:00:01]} 2. Nc3 {[%emt 0:00:09]} d5 {[%emt
0:00:01]} 3. Qe2 {[%emt 0:00:01]} dxe4 {[%emt 0:00:43]} 4. Nxe4 {[%emt
0:00:00]} Bf5 {[%emt 0:00:02]} 5. d3 {[%emt 0:00:06]} Bxe4 {[%emt 0:00:04]} 6.
dxe4 { [%emt 0:00:00]} Nf6 {[%emt 0:00:03]} 7. Nf3 {[%emt 0:00:05]} e6 {[%emt
0:00:01] } 8. g3 {[%emt 0:00:45]} Bc5 {[%emt 0:00:05]} 9. Bg2 {[%emt 0:00:08]}
O-O { [%emt 0:00:03]} 10. O-O {[%emt 0:00:02]} Nbd7 {[%emt 0:00:25]} 11. h3
{[%emt 0:00:12]} Qb6 {[%emt 0:00:26]} 12. c3 {[%emt 0:00:22]} Qc7 {[%emt
0:00:44]} 13. b4 {[%emt 0:01:15]} Bb6 {[%emt 0:00:12]} 14. Bb2 {[%emt 0:00:11]}
Qxg3 { [%emt 0:00:58]} 15. c4 {[%emt 0:00:46]} Qb8 {[%emt 0:00:18]} 16. Rad1
{[%emt 0:00:17]} Rd8 {[%emt 0:00:39]} 17. e5 {[%emt 0:01:32]} Ne8 {[%emt
0:00:20]} 18. Qe4 {[%emt 0:00:52]} h6 {[%emt 0:00:17]} 19. Kh1 {[%emt 0:00:24]}
Nf8 {[%emt 0:00:14]} 20. Nh4 {[%emt 0:00:31]} a5 {[%emt 0:01:04]} 21. c5 {[%emt
0:00:09]} Bc7 {[%emt 0:00:02]} 22. a3 {[%emt 0:00:35]} axb4 {[%emt 0:00:17]}
23. axb4 { [%emt 0:00:00]} Ra2 {[%emt 0:00:24]} 24. Qb1 {[%emt 0:00:19]} Ra4
{[%emt 0:00:11]} 25. Qe4 {[%emt 0:00:15]} Ra2 {[%emt 0:00:13]} 26. Bd4 {[%emt
0:00:30]} Ra4 {[%emt 0:00:13]} 27. Bc3 {[%emt 0:00:09]} Ra3 {[%emt 0:00:10]}
28. Bd4 { [%emt 0:00:25]} Ra4 {[%emt 0:00:03]} 29. Rb1 {[%emt 0:00:01]} Nd7
{[%emt 0:00:18]} 30. f4 {[%emt 0:00:03]} Nf8 {[%emt 0:00:34]} 31. Bf3 {[%emt
0:00:08]} Ba5 {[%emt 0:00:36]} 32. Bc3 {[%emt 0:00:15]} Bc7 {[%emt 0:00:12]}
33. Qc2 { [%emt 0:00:03]} Ra3 {[%emt 0:00:09]} 34. Rg1 {[%emt 0:00:01]} Qa7
{[%emt 0:00:11]} 35. Bb2 {[%emt 0:00:03]} Ra2 {[%emt 0:00:07]} 36. Ra1 {[%emt
0:00:05]} Rxa1 {[%emt 0:00:02]} 37. Rxa1 {[%emt 0:00:00]} Qb8 {[%emt 0:00:02]}
38. Rg1 { [%emt 0:00:01]} Kh8 {[%emt 0:00:18]} 39. Qe4 {[%emt 0:00:05]} Qa7
{[%emt 0:00:13]} 40. Ra1 {[%emt 0:00:03]} Qb8 {[%emt 0:00:01]} 41. Bh5 {[%emt
0:00:02] Karlsru2-004 bietet Remis} Rd7 {[%emt 0:00:13]} 42. Rg1 {[%emt
0:00:03]} Qd8 { [%emt 0:00:09]} 43. f5 {[%emt 0:00:06]} exf5 {[%emt 0:00:02]}
44. Nxf5 { [%emt 0:00:01]} Rd2 {[%emt 0:00:04]} 45. Bc3 {[%emt 0:00:12]} Qd4
{[%emt 0:00:01]} 46. Bxd4 {[%emt 0:00:02] Karlsru2-004 gibt auf} 1-0

[Event "DSJ Weihnachtsturnier U20 2020"]
[Site "https://play.chessbase.com/en/play?room=DSJWeihnachtU20"]
[Date "2020.12.29"]
[Round "3"]
[White "Nagy, Lukas"]
[Black "Ramien, David"]
[Result "0-1"]
[Termination "normal"]
[Board "9.2"]
[WhiteElo "1704"]
[BlackElo "2181"]
[WhiteTeam "SK Doppelbauer Kiel"]
[BlackTeam "Schachgemeinschaft Porz 2"]
[PlyCount "74"]
[WhiteFideId "16246098"]
[BlackFideId "12948241"]
[EventRounds "7"]
[EventType "team-swiss"]
[EventDate "2020.12.29"]

1. e4 {[%emt 0:00:09]} c5 {[%emt 0:00:02]} 2. Nf3 {[%emt 0:00:26]} d6 {[%emt
0:00:02]} 3. d4 {[%emt 0:00:02]} cxd4 {[%emt 0:00:02]} 4. Nxd4 {[%emt 0:00:00]}
Nf6 {[%emt 0:00:02]} 5. Nc3 {[%emt 0:00:02]} Nc6 {[%emt 0:00:02]} 6. Bb5 {
[%emt 0:00:03]} Bd7 {[%emt 0:00:11]} 7. O-O {[%emt 0:00:01]} e6 {[%emt 0:00:18]
} 8. Nxc6 {[%emt 0:00:02]} bxc6 {[%emt 0:00:02]} 9. Be2 {[%emt 0:00:01]} Be7 {
[%emt 0:00:02]} 10. Kh1 {[%emt 0:00:02]} Bc8 {[%emt 0:01:13]} 11. f4 {[%emt
0:00:31]} d5 {[%emt 0:00:02]} 12. e5 {[%emt 0:00:02]} Nd7 {[%emt 0:00:04]} 13.
Be3 {[%emt 0:00:09]} c5 {[%emt 0:00:06]} 14. Bf2 {[%emt 0:00:32]} O-O {[%emt
0:00:04]} 15. Bd3 {[%emt 0:01:13]} c4 {[%emt 0:00:09]} 16. Be2 {[%emt 0:00:02]}
Rb8 {[%emt 0:00:10]} 17. Rb1 {[%emt 0:00:02]} Nc5 {[%emt 0:00:05]} 18. Bd4 {
[%emt 0:00:48]} Bb7 {[%emt 0:03:08]} 19. Qe1 {[%emt 0:00:41]} Bh4 {[%emt
0:00:06]} 20. Qd1 {[%emt 0:00:07]} Qc7 {[%emt 0:00:17]} 21. Nb5 {[%emt
0:00:21]} Qb6 {[%emt 0:00:05]} 22. Nd6 {[%emt 0:00:21]} Qa5 {[%emt 0:00:28]}
23. Rf3 { [%emt 0:00:37]} Ne4 {[%emt 0:00:40]} 24. Nxe4 {[%emt 0:00:13]} dxe4
{[%emt 0:00:00]} 25. Rh3 {[%emt 0:00:00]} Be7 {[%emt 0:00:04]} 26. Bxc4 {[%emt
0:00:11]} Rfd8 {[%emt 0:00:03]} 27. Qh5 {[%emt 0:00:12]} h6 {[%emt 0:00:05]}
28. Be3 { [%emt 0:00:07]} Bf8 {[%emt 0:00:05]} 29. f5 {[%emt 0:00:18]} Qxe5
{[%emt 0:00:08]} 30. Rf1 {[%emt 0:00:17]} Bd5 {[%emt 0:00:25]} 31. Bxd5 {[%emt
0:02:26]} Rxd5 {[%emt 0:00:14]} 32. Rg3 {[%emt 0:00:09]} Qf6 {[%emt 0:01:05]}
33. Bxh6 { [%emt 0:00:07]} Rxf5 {[%emt 0:00:08]} 34. Rxf5 {[%emt 0:00:07]} Qxf5
{[%emt 0:00:08]} 35. Qe2 {[%emt 0:00:14]} Rxb2 {[%emt 0:00:08]} 36. h3 {[%emt
0:00:01]} Rb1+ {[%emt 0:00:09]} 37. Kh2 {[%emt 0:00:01]} Bd6 {[%emt 0:00:02]}
0-1